Statistics for States of Somalia

Click here to take the quiz!

General Stats

  • This quiz has been taken 811 times
  • The average score is 4 of 7

Answers on the Map

Answers color-coded by a green-red scale on the quiz's map according to % correct below.
 

Answer Stats

State% Correct
Somaliland
93%
Banaadir
76%
Puntland
61%
Jubaland
49%
South West
32%
Galmudug
30%
Hirshabelle
27%

Score Distribution

Percentile by Number Answered

Percent of People with Each Score

Your Score History

You have not taken this quiz